000 01436nam0a2200349 4500
001 RU\NLR\BIBL_A\010866755
005 201511270505
010 _a978-5-4461-0309-6
_91000
021 _aRU
_b2015-73485
_94418
035 _a(NLR Aleph) 010866755
035 _a(NILC)RuMoRGB-008026407
090 _a10448230
_c10448230
100 _a20151022d2016 km y0rusy50 ca
101 0 _arus
102 _aRU
105 _aa z 000yy
200 1 _aСистема покупки недвижимости с аукциона
_eкак покупать недвижимость за 10%
_fЮ. Павлов, Н. Павлова
210 _aСанкт-Петербург [и др.]
_cПитер
_d2016
_d[т.е. 2015]
215 _a141, [1] с.
_cил.
_d21
606 1 _aНедвижимое имущество
_xСделки
_yРоссийская Федерация
_2nlr_sh1
_2nlr_sh2
_3RU\NLR\AUTH\661267661
610 0 _aэлектронные торги
610 0 _aнесостоятельность (банкротство)
675 _a347.7
686 1 _aХ623.211.12
700 1 _aПавлов
_bЮ. Г.
_cинвестор
_gЮрий Геннадьевич
_3RU\NLR\AUTH\770151766
701 1 _aПавлова
_bН.
_cинвестор
_gНаталья
_3RU\NLR\AUTH\770151771
801 0 _aRU
_bРГБ
_c20150923
_gRCR
942 _cBOOK
980 _aNBR
980 _aNB